Online Catalogue and eLibrary

Appropriating gender : (Record no. 68)

MARC details
000 -LEADER
fixed length control field 00817cam a2200265 a 4500
001 - CONTROL NUMBER
control field 3542141
005 - DATE AND TIME OF LATEST TRANSACTION
control field 20231124001441.0
008 - FIXED-LENGTH DATA ELEMENTS--GENERAL INFORMATION
fixed length control field 970307s1998 nyu b 001 0 eng
020 ## - INTERNATIONAL STANDARD BOOK NUMBER
ISBN 0415918650 (hardcover)
020 ## - INTERNATIONAL STANDARD BOOK NUMBER
ISBN 0415918669 (pbk.)
040 ## - CATALOGING SOURCE (பட்டியலாக்க மூலம்)
Original cataloging agency DLC
Transcribing agency DLC
Modifying agency DLC
082 00 - DDC Classification
Class No. 305.42/0954
DDC Edition Number 21
245 00 - TITLE STATEMENT
Title Appropriating gender :
Remainder of title women's activism and politicized religion in South Asia /
Statement of responsibility, etc. edited by Patricia Jeffery and Amrita Basu.
260 ## - PUBLICATION, DISTRIBUTION, ETC.
Place of publication, distribution, etc. New York :
Name of publisher, distributor, etc. Routledge,
Date of publication, distribution, etc. 1998.
300 ## - PHYSICAL DESCRIPTION
Extent (e.g. Volumes, Pages etc.) xi, 276 p. ;
650 #0 - SUBJECT ADDED ENTRY--TOPICAL TERM
Topical term or geographic name entry element Women
650 #0 - SUBJECT ADDED ENTRY--TOPICAL TERM
Topical term or geographic name entry element Women
650 #0 - SUBJECT ADDED ENTRY--TOPICAL TERM
Topical term or geographic name entry element Women and religion
650 #0 - SUBJECT ADDED ENTRY--TOPICAL TERM
Topical term or geographic name entry element Religion and politics
650 #0 - SUBJECT ADDED ENTRY--TOPICAL TERM
Topical term or geographic name entry element Sex role
700 1# - ADDED ENTRY--PERSONAL NAME
Personal name Jeffery, Patricia,
Relator term (Role) Editor
700 1# - ADDED ENTRY--PERSONAL NAME
Personal name Basu, Amrita,
Relator term (Role) Editor
856 42 - ELECTRONIC LOCATION AND ACCESS
Uniform Resource Identifier <a href="http://www.loc.gov/catdir/enhancements/fy0651/97011336-d.html">http://www.loc.gov/catdir/enhancements/fy0651/97011336-d.html</a>
942 ## - Koha item type (Biblio)
Koha item type Books in Stacks (Lending)
Holdings
Lost status Damaged status Collection code Home library Current library Date acquired Full call number Accession Number Item type
    Lending WERC Library WERC Library 11/24/2023 305.42/0954 2697 Books in Stacks (Lending)

© WERC Library